The 2016 Test - Statistics

General Stats
  • This quiz has been taken 19 times
  • The average score is 8 of 14
Answer Stats
Hint Answer % Correct
A famous event was held in Rio 2016 Summer Olympics
100%
The US President who got elected on November Donald Trump
95%
This game causes millions to wander around outside looking for Pokemon Pokemon Go
95%
A sequel to Finding Nemo Finding Dory
89%
Apples New Phone Iphone 7
74%
Loss of singer in April Prince
68%
Known for Princess Leia who passed away in December Carrie Fisher
63%
Loss of ______ who played as Willy Wonka Gene Wilder
58%
A Star Wars story between Episode 3, and 4 Rogue One
53%
Googles First phone Pixel
26%
Where 2016 Orlando, FL Shooting happened Pulse Nightclub
21%
First Mario Game on IOS Super Mario Run
21%
First Category 5 Hurricane Since Felix in 2007 Hurricane Matthew / Matthew
5%
First Hurricane to make landfall since Wilma in 2005 Hurricane Hermine/Hermine
0%
No matching quizzes found
Score Distribution
Percent of People with Each Score
Percentile by Number Answered
Your Score History
You have not taken this quiz